000 01144nam a2200301 i 4500
001 000046084
003 DO-SdBNP
005 20240912152138.0
007 ta
008 150617s2013 dr a 000 0 spa d
020 _a9789945498165
040 _aDO-SdBNP
_bspa
_cBNPHU
_erda
082 4 _222
100 1 _aUbiñas Renville, Guaroa,
_d1944-
_96462
_eautor
_4aut.
245 1 0 _aTestimonios del movimiento estudiantil dominicano :
_btiempos de lucha en medio de la tormenta /
_cGuaroa Ubiñas Renville.
250 _aPrimera edición
264 _aSanto Domingo :
_bEditora Universitaria-UASD,
_c@2013.
300 _a219 páginas :
_bilustraciones ;
_c23 cm.
336 _atexto
_btxt
_2rdacontent
337 _asin mediación
_bn
_2rdamedia
338 _avolumen
_bnc
_2rdacarrier
500 _aIncluye imágines de la prensa sobre la lucha del movimiento estudiantil.
500 _aIncluye referencias bibliográficas y notas a pie de las páginas e índice onomástico.
504 _aBibliografía : páginas 175-176
590 _aInventariado, 2024/BT
710 2 _aUniversidad Autónoma de Santo Domingo
_972951
942 _2ddc
_cLBS1
999 _c45573
_d45573